AP College Football Top 25 Week-by-Week (2024) - Statistics

General Stats
  • This quiz has been taken 48 times
  • The average score is 362 of 426
Answer Stats
Week Rank Conference Answer % Correct
PreseasonAug 12 5. SEC Alabama
100%
Week 1Sep 3 4. SEC Alabama
100%
Week 2Sep 8 4. SEC Alabama
100%
Week 3Sep 15 4. SEC Alabama
100%
Week 4Sep 22 4. SEC Alabama
100%
Week 5Sep 29 1. SEC Alabama
100%
Week 6Oct 6 7. SEC Alabama
100%
Week 7Oct 13 7. SEC Alabama
100%
Week 8Oct 20 15. SEC Alabama
100%
Week 9Oct 27 14. SEC Alabama
100%
Week 10Nov 3 11. SEC Alabama
100%
Week 11Nov 10 9. SEC Alabama
100%
Week 12Nov 17 7. SEC Alabama
100%
Week 13Nov 24 13. SEC Alabama
100%
Week 14Dec 1 11. SEC Alabama
100%
Week 15Dec 8 11. SEC Alabama
100%
Week 16 (Final)Jan 20 17. SEC Alabama
100%
PreseasonAug 12 1. SEC Georgia
97%
Week 1Sep 3 1. SEC Georgia
97%
Week 2Sep 8 1. SEC Georgia
97%
Week 3Sep 15 2. SEC Georgia
97%
Week 4Sep 22 2. SEC Georgia
97%
Week 5Sep 29 5. SEC Georgia
97%
Week 6Oct 6 5. SEC Georgia
97%
Week 7Oct 13 5. SEC Georgia
97%
Week 8Oct 20 2. SEC Georgia
97%
Week 9Oct 27 2. SEC Georgia
97%
Week 10Nov 3 2. SEC Georgia
97%
Week 11Nov 10 11. SEC Georgia
97%
Week 12Nov 17 8. SEC Georgia
97%
Week 13Nov 24 6. SEC Georgia
97%
Week 14Dec 1 5. SEC Georgia
97%
Week 15Dec 8 2. SEC Georgia
97%
Week 16 (Final)Jan 20 6. SEC Georgia
97%
PreseasonAug 12 9. Big Ten Michigan
97%
Week 1Sep 3 10. Big Ten Michigan
97%
Week 2Sep 8 17. Big Ten Michigan
97%
Week 3Sep 15 18. Big Ten Michigan
97%
Week 4Sep 22 12. Big Ten Michigan
97%
Week 5Sep 29 10. Big Ten Michigan
97%
Week 6Oct 6 24. Big Ten Michigan
97%
Week 7Oct 13 24. Big Ten Michigan
97%
PreseasonAug 12 6. SEC Ole Miss
97%
Week 1Sep 3 6. SEC Ole Miss
97%
Week 2Sep 8 5. SEC Ole Miss
97%
Week 3Sep 15 5. SEC Ole Miss
97%
Week 4Sep 22 6. SEC Ole Miss
97%
Week 5Sep 29 12. SEC Ole Miss
97%
Week 6Oct 6 9. SEC Ole Miss
97%
Week 7Oct 13 18. SEC Ole Miss
97%
Week 8Oct 20 18. SEC Ole Miss
97%
Week 9Oct 27 19. SEC Ole Miss
97%
Week 10Nov 3 16. SEC Ole Miss
97%
Week 11Nov 10 10. SEC Ole Miss
97%
Week 12Nov 17 9. SEC Ole Miss
97%
Week 13Nov 24 15. SEC Ole Miss
97%
Week 14Dec 1 15. SEC Ole Miss
97%
Week 15Dec 8 16. SEC Ole Miss
97%
Week 16 (Final)Jan 20 11. SEC Ole Miss
97%
PreseasonAug 12 4. SEC Texas
97%
Week 1Sep 3 3. SEC Texas
97%
Week 2Sep 8 2. SEC Texas
97%
Week 3Sep 15 1. SEC Texas
97%
Week 4Sep 22 1. SEC Texas
97%
Week 5Sep 29 2. SEC Texas
97%
Week 6Oct 6 1. SEC Texas
97%
Week 7Oct 13 1. SEC Texas
97%
Week 8Oct 20 5. SEC Texas
97%
Week 9Oct 27 6. SEC Texas
97%
Week 10Nov 3 5. SEC Texas
97%
Week 11Nov 10 3. SEC Texas
97%
Week 12Nov 17 3. SEC Texas
97%
Week 13Nov 24 3. SEC Texas
97%
Week 14Dec 1 2. SEC Texas
97%
Week 15Dec 8 4. SEC Texas
97%
Week 16 (Final)Jan 20 4. SEC Texas
97%
PreseasonAug 12 19. ACC Miami
94%
Week 1Sep 3 12. ACC Miami
94%
Week 2Sep 8 10. ACC Miami
94%
Week 3Sep 15 8. ACC Miami
94%
Week 4Sep 22 7. ACC Miami
94%
Week 5Sep 29 8. ACC Miami
94%
Week 6Oct 6 6. ACC Miami
94%
Week 7Oct 13 6. ACC Miami
94%
Week 8Oct 20 6. ACC Miami
94%
Week 9Oct 27 5. ACC Miami
94%
Week 10Nov 3 4. ACC Miami
94%
Week 11Nov 10 12. ACC Miami
94%
Week 12Nov 17 11. ACC Miami
94%
Week 13Nov 24 8. ACC Miami
94%
Week 14Dec 1 14. ACC Miami
94%
Week 15Dec 8 15. ACC Miami
94%
Week 16 (Final)Jan 20 18. ACC Miami
94%
PreseasonAug 12 11. SEC Missouri
94%
Week 1Sep 3 9. SEC Missouri
94%
Week 2Sep 8 6. SEC Missouri
94%
Week 3Sep 15 7. SEC Missouri
94%
Week 4Sep 22 11. SEC Missouri
94%
Week 5Sep 29 9. SEC Missouri
94%
Week 6Oct 6 21. SEC Missouri
94%
Week 7Oct 13 19. SEC Missouri
94%
Week 8Oct 20 21. SEC Missouri
94%
Week 9Oct 27 25. SEC Missouri
94%
Week 11Nov 10 24. SEC Missouri
94%
Week 13Nov 24 24. SEC Missouri
94%
Week 14Dec 1 22. SEC Missouri
94%
Week 15Dec 8 23. SEC Missouri
94%
Week 16 (Final)Jan 20 22. SEC Missouri
94%
PreseasonAug 12 7. Independent Notre Dame
94%
Week 1Sep 3 5. Independent Notre Dame
94%
Week 2Sep 8 18. Independent Notre Dame
94%
Week 3Sep 15 17. Independent Notre Dame
94%
Week 4Sep 22 16. Independent Notre Dame
94%
Week 5Sep 29 14. Independent Notre Dame
94%
Week 6Oct 6 11. Independent Notre Dame
94%
Week 7Oct 13 12. Independent Notre Dame
94%
Week 8Oct 20 12. Independent Notre Dame
94%
Week 9Oct 27 8. Independent Notre Dame
94%
Week 10Nov 3 10. Independent Notre Dame
94%
Week 11Nov 10 8. Independent Notre Dame
94%
Week 12Nov 17 6. Independent Notre Dame
94%
Week 13Nov 24 5. Independent Notre Dame
94%
Week 14Dec 1 4. Independent Notre Dame
94%
Week 15Dec 8 3. Independent Notre Dame
94%
Week 16 (Final)Jan 20 2. Independent Notre Dame
94%
PreseasonAug 12 2. Big Ten Ohio State
94%
Week 1Sep 3 2. Big Ten Ohio State
94%
Week 2Sep 8 3. Big Ten Ohio State
94%
Week 3Sep 15 3. Big Ten Ohio State
94%
Week 4Sep 22 3. Big Ten Ohio State
94%
Week 5Sep 29 3. Big Ten Ohio State
94%
Week 6Oct 6 2. Big Ten Ohio State
94%
Week 7Oct 13 4. Big Ten Ohio State
94%
Week 8Oct 20 4. Big Ten Ohio State
94%
Week 9Oct 27 4. Big Ten Ohio State
94%
Week 10Nov 3 3. Big Ten Ohio State
94%
Week 11Nov 10 2. Big Ten Ohio State
94%
Week 12Nov 17 2. Big Ten Ohio State
94%
Week 13Nov 24 2. Big Ten Ohio State
94%
Week 14Dec 1 7. Big Ten Ohio State
94%
Week 15Dec 8 6. Big Ten Ohio State
94%
Week 16 (Final)Jan 20 1. Big Ten Ohio State
94%
PreseasonAug 12 16. SEC Oklahoma
94%
Week 1Sep 3 15. SEC Oklahoma
94%
Week 2Sep 8 15. SEC Oklahoma
94%
Week 3Sep 15 15. SEC Oklahoma
94%
Week 4Sep 22 21. SEC Oklahoma
94%
Week 5Sep 29 19. SEC Oklahoma
94%
Week 6Oct 6 18. Big 12 Oklahoma
94%
PreseasonAug 12 21. Big 12 Arizona
91%
Week 1Sep 3 20. Big 12 Arizona
91%
Week 2Sep 8 20. Big 12 Arizona
91%
PreseasonAug 12 14. ACC Clemson
91%
Week 1Sep 3 25. ACC Clemson
91%
Week 2Sep 8 22. ACC Clemson
91%
Week 3Sep 15 21. ACC Clemson
91%
Week 4Sep 22 17. ACC Clemson
91%
Week 5Sep 29 15. ACC Clemson
91%
Week 6Oct 6 10. ACC Clemson
91%
Week 7Oct 13 10. ACC Clemson
91%
Week 8Oct 20 9. ACC Clemson
91%
Week 9Oct 27 11. ACC Clemson
91%
Week 10Nov 3 19. ACC Clemson
91%
Week 11Nov 10 17. ACC Clemson
91%
Week 12Nov 17 17. ACC Clemson
91%
Week 13Nov 24 12. ACC Clemson
91%
Week 14Dec 1 18. ACC Clemson
91%
Week 15Dec 8 13. ACC Clemson
91%
Week 16 (Final)Jan 20 14. ACC Clemson
91%
PreseasonAug 12 10. ACC Florida State
91%
Week 5Sep 29 23. Big Ten Indiana
91%
Week 6Oct 6 18. Big Ten Indiana
91%
Week 7Oct 13 16. Big Ten Indiana
91%
Week 8Oct 20 13. Big Ten Indiana
91%
Week 9Oct 27 13. Big Ten Indiana
91%
Week 10Nov 3 8. Big Ten Indiana
91%
Week 11Nov 10 5. Big Ten Indiana
91%
Week 12Nov 17 5. Big Ten Indiana
91%
Week 13Nov 24 10. Big Ten Indiana
91%
Week 14Dec 1 9. Big Ten Indiana
91%
Week 15Dec 8 9. Big Ten Indiana
91%
Week 16 (Final)Jan 20 10. Big Ten Indiana
91%
PreseasonAug 12 3. Big Ten Oregon
91%
Week 1Sep 3 7. Big Ten Oregon
91%
Week 2Sep 8 9. Big Ten Oregon
91%
Week 3Sep 15 9. Big Ten Oregon
91%
Week 4Sep 22 8. Big Ten Oregon
91%
Week 5Sep 29 6. Big Ten Oregon
91%
Week 6Oct 6 3. Big Ten Oregon
91%
Week 7Oct 13 2. Big Ten Oregon
91%
Week 8Oct 20 1. Big Ten Oregon
91%
Week 9Oct 27 1. Big Ten Oregon
91%
Week 10Nov 3 1. Big Ten Oregon
91%
Week 11Nov 10 1. Big Ten Oregon
91%
Week 12Nov 17 1. Big Ten Oregon
91%
Week 13Nov 24 1. Big Ten Oregon
91%
Week 14Dec 1 1. Big Ten Oregon
91%
Week 15Dec 8 1. Big Ten Oregon
91%
Week 16 (Final)Jan 20 3. Big Ten Oregon
91%
PreseasonAug 12 8. Big Ten Penn State
91%
Week 1Sep 3 8. Big Ten Penn State
91%
Week 2Sep 8 8. Big Ten Penn State
91%
Week 3Sep 15 10. Big Ten Penn State
91%
Week 4Sep 22 9. Big Ten Penn State
91%
Week 5Sep 29 7. Big Ten Penn State
91%
Week 6Oct 6 4. Big Ten Penn State
91%
Week 7Oct 13 3. Big Ten Penn State
91%
Week 8Oct 20 3. Big Ten Penn State
91%
Week 9Oct 27 3. Big Ten Penn State
91%
Week 10Nov 3 6. Big Ten Penn State
91%
Week 11Nov 10 4. Big Ten Penn State
91%
Week 12Nov 17 4. Big Ten Penn State
91%
Week 13Nov 24 4. Big Ten Penn State
91%
Week 14Dec 1 3. Big Ten Penn State
91%
Week 15Dec 8 5. Big Ten Penn State
91%
Week 16 (Final)Jan 20 5. Big Ten Penn State
91%
PreseasonAug 12 15. SEC Tennessee
91%
Week 1Sep 3 14. SEC Tennessee
91%
Week 2Sep 8 7. SEC Tennessee
91%
Week 3Sep 15 6. SEC Tennessee
91%
Week 4Sep 22 5. SEC Tennessee
91%
Week 5Sep 29 4. SEC Tennessee
91%
Week 6Oct 6 8. SEC Tennessee
91%
Week 7Oct 13 11. SEC Tennessee
91%
Week 8Oct 20 7. SEC Tennessee
91%
Week 9Oct 27 7. SEC Tennessee
91%
Week 10Nov 3 7. SEC Tennessee
91%
Week 11Nov 10 6. SEC Tennessee
91%
Week 12Nov 17 10. SEC Tennessee
91%
Week 13Nov 24 7. SEC Tennessee
91%
Week 14Dec 1 6. SEC Tennessee
91%
Week 15Dec 8 7. SEC Tennessee
91%
Week 16 (Final)Jan 20 9. SEC Tennessee
91%
PreseasonAug 12 20. SEC Texas A&M
91%
Week 3Sep 15 25. SEC Texas A&M
91%
Week 4Sep 22 24. SEC Texas A&M
91%
Week 5Sep 29 25. SEC Texas A&M
91%
Week 6Oct 6 15. SEC Texas A&M
91%
Week 7Oct 13 14. SEC Texas A&M
91%
Week 8Oct 20 14. SEC Texas A&M
91%
Week 9Oct 27 10. SEC Texas A&M
91%
Week 10Nov 3 15. SEC Texas A&M
91%
Week 11Nov 10 15. SEC Texas A&M
91%
Week 12Nov 17 15. SEC Texas A&M
91%
Week 13Nov 24 20. SEC Texas A&M
91%
Week 12Nov 17 21. Big 12 Arizona State
89%
Week 13Nov 24 14. Big 12 Arizona State
89%
Week 14Dec 1 12. Big 12 Arizona State
89%
Week 15Dec 8 10. Big 12 Arizona State
89%
Week 16 (Final)Jan 20 7. Big 12 Arizona State
89%
Week 4Sep 22 22. Big 12 BYU
89%
Week 5Sep 29 17. Big 12 BYU
89%
Week 6Oct 6 14. Big 12 BYU
89%
Week 7Oct 13 13. Big 12 BYU
89%
Week 8Oct 20 11. Big 12 BYU
89%
Week 9Oct 27 9. Big 12 BYU
89%
Week 10Nov 3 9. Big 12 BYU
89%
Week 11Nov 10 7. Big 12 BYU
89%
Week 12Nov 17 14. Big 12 BYU
89%
Week 13Nov 24 19. Big 12 BYU
89%
Week 14Dec 1 17. Big 12 BYU
89%
Week 15Dec 8 17. Big 12 BYU
89%
Week 16 (Final)Jan 20 13. Big 12 BYU
89%
Week 4Sep 22 25. Mountain West Boise State
86%
Week 5Sep 29 21. Mountain West Boise State
86%
Week 6Oct 6 17. Mountain West Boise State
86%
Week 7Oct 13 15. Mountain West Boise State
86%
Week 8Oct 20 17. Mountain West Boise State
86%
Week 9Oct 27 15. Mountain West Boise State
86%
Week 10Nov 3 12. Mountain West Boise State
86%
Week 11Nov 10 13. Mountain West Boise State
86%
Week 12Nov 17 12. Mountain West Boise State
86%
Week 13Nov 24 11. Mountain West Boise State
86%
Week 14Dec 1 10. Mountain West Boise State
86%
Week 15Dec 8 8. Mountain West Boise State
86%
Week 16 (Final)Jan 20 8. Mountain West Boise State
86%
PreseasonAug 12 13. SEC LSU
86%
Week 1Sep 3 18. SEC LSU
86%
Week 2Sep 8 16. SEC LSU
86%
Week 3Sep 15 16. SEC LSU
86%
Week 4Sep 22 14. SEC LSU
86%
Week 5Sep 29 13. SEC LSU
86%
Week 6Oct 6 13. SEC LSU
86%
Week 7Oct 13 8. SEC LSU
86%
Week 8Oct 20 8. SEC LSU
86%
Week 9Oct 27 16. SEC LSU
86%
Week 10Nov 3 14. SEC LSU
86%
Week 11Nov 10 21. SEC LSU
86%
PreseasonAug 12 25. Big Ten Iowa
80%
Week 1Sep 3 21. Big Ten Iowa
80%
Week 11Nov 10 23. SEC South Carolina
80%
Week 12Nov 17 19. SEC South Carolina
80%
Week 13Nov 24 16. SEC South Carolina
80%
Week 14Dec 1 13. SEC South Carolina
80%
Week 15Dec 8 14. SEC South Carolina
80%
Week 16 (Final)Jan 20 19. SEC South Carolina
80%
PreseasonAug 12 23. Big Ten USC
80%
Week 1Sep 3 13. Big Ten USC
80%
Week 2Sep 8 11. Big Ten USC
80%
Week 3Sep 15 11. Big Ten USC
80%
Week 4Sep 22 13. Big Ten USC
80%
Week 5Sep 29 11. Big Ten USC
80%
PreseasonAug 12 12. Big 12 Utah
80%
Week 1Sep 3 11. Big 12 Utah
80%
Week 2Sep 8 12. Big 12 Utah
80%
Week 3Sep 15 12. Big 12 Utah
80%
Week 4Sep 22 10. Big 12 Utah
80%
Week 5Sep 29 18. Big 12 Utah
80%
Week 6Oct 6 16. Big 12 Utah
80%
Week 2Sep 8 21. Big 12 Iowa State
77%
Week 3Sep 15 20. Big 12 Iowa State
77%
Week 4Sep 22 18. Big 12 Iowa State
77%
Week 5Sep 29 16. Big 12 Iowa State
77%
Week 6Oct 6 11. Big 12 Iowa State
77%
Week 7Oct 13 9. Big 12 Iowa State
77%
Week 8Oct 20 10. Big 12 Iowa State
77%
Week 9Oct 27 11. Big 12 Iowa State
77%
Week 10Nov 3 17. Big 12 Iowa State
77%
Week 12Nov 17 22. Big 12 Iowa State
77%
Week 13Nov 24 17. Big 12 Iowa State
77%
Week 14Dec 1 16. Big 12 Iowa State
77%
Week 15Dec 8 18. Big 12 Iowa State
77%
Week 16 (Final)Jan 20 15. Big 12 Iowa State
77%
PreseasonAug 12 22. Big 12 Kansas
77%
Week 1Sep 3 19. Big 12 Kansas
77%
Week 9Oct 27 23. Big 12 Colorado
74%
Week 10Nov 3 21. Big 12 Colorado
74%
Week 11Nov 10 18. Big 12 Colorado
74%
Week 12Nov 17 16. Big 12 Colorado
74%
Week 13Nov 24 23. Big 12 Colorado
74%
Week 14Dec 1 20. Big 12 Colorado
74%
Week 15Dec 8 20. Big 12 Colorado
74%
Week 16 (Final)Jan 20 25. Big 12 Colorado
74%
Week 8Oct 20 25. SEC Vanderbilt
74%
Week 10Nov 3 24. SEC Vanderbilt
74%
Week 1Sep 3 23. ACC Georgia Tech
71%
PreseasonAug 12 18. Big 12 Kansas State
71%
Week 1Sep 3 17. Big 12 Kansas State
71%
Week 2Sep 8 14. Big 12 Kansas State
71%
Week 3Sep 15 13. Big 12 Kansas State
71%
Week 4Sep 22 23. Big 12 Kansas State
71%
Week 5Sep 29 20. Big 12 Kansas State
71%
Week 6Oct 6 18. Big 12 Kansas State
71%
Week 7Oct 13 17. Big 12 Kansas State
71%
Week 8Oct 20 16. Big 12 Kansas State
71%
Week 9Oct 27 17. Big 12 Kansas State
71%
Week 10Nov 3 22. Big 12 Kansas State
71%
Week 11Nov 10 20. Big 12 Kansas State
71%
Week 2Sep 8 23. Big Ten Nebraska
71%
Week 3Sep 15 22. Big Ten Nebraska
71%
Week 3Sep 15 24. Big Ten Illinois
69%
Week 4Sep 22 19. Big Ten Illinois
69%
Week 5Sep 29 24. Big Ten Illinois
69%
Week 6Oct 6 23. Big Ten Illinois
69%
Week 7Oct 13 22. Big Ten Illinois
69%
Week 8Oct 20 20. Big Ten Illinois
69%
Week 9Oct 27 24. Big Ten Illinois
69%
Week 12Nov 17 24. Big Ten Illinois
69%
Week 13Nov 24 22. Big Ten Illinois
69%
Week 14Dec 1 21. Big Ten Illinois
69%
Week 15Dec 8 21. Big Ten Illinois
69%
Week 16 (Final)Jan 20 16. Big Ten Illinois
69%
Week 2Sep 8 25. MAC Northern Illinois
69%
Week 3Sep 15 23. MAC Northern Illinois
69%
Week 6Oct 6 25. ACC SMU
69%
Week 7Oct 13 21. ACC SMU
69%
Week 8Oct 20 22. ACC SMU
69%
Week 9Oct 27 20. ACC SMU
69%
Week 10Nov 3 13. ACC SMU
69%
Week 11Nov 10 14. ACC SMU
69%
Week 12Nov 17 13. ACC SMU
69%
Week 13Nov 24 9. ACC SMU
69%
Week 14Dec 1 8. ACC SMU
69%
Week 15Dec 8 12. ACC SMU
69%
Week 16 (Final)Jan 20 12. ACC SMU
69%
Week 9Oct 27 22. Pac-12 Washington State
66%
Week 10Nov 3 20. Pac-12 Washington State
66%
Week 11Nov 10 19. Pac-12 Washington State
66%
Week 12Nov 17 25. Pac-12 Washington State
66%
PreseasonAug 12 24. ACC North Carolina State
63%
Week 1Sep 3 24. ACC North Carolina State
63%
Week 7Oct 13 23. American Army
60%
Week 8Oct 20 23. American Army
60%
Week 9Oct 27 21. American Army
60%
Week 10Nov 3 18. American Army
60%
Week 11Nov 10 16. American Army
60%
Week 12Nov 17 18. American Army
60%
Week 13Nov 24 25. American Army
60%
Week 14Dec 1 24. American Army
60%
Week 15Dec 8 19. American Army
60%
Week 16 (Final)Jan 20 21. American Army
60%
Week 1Sep 3 22. ACC Louisville
60%
Week 2Sep 8 19. ACC Louisville
60%
Week 3Sep 15 19. ACC Louisville
60%
Week 4Sep 22 15. ACC Louisville
60%
Week 5Sep 29 22. ACC Louisville
60%
Week 10Nov 3 25. ACC Louisville
60%
Week 11Nov 10 22. ACC Louisville
60%
Week 7Oct 13 25. American Navy
60%
Week 8Oct 20 24. American Navy
60%
Week 11Nov 10 25. American Tulane
60%
Week 12Nov 17 20. American Tulane
60%
Week 13Nov 24 18. American Tulane
60%
PreseasonAug 12 17. Big 12 Oklahoma State
57%
Week 1Sep 3 16. Big 12 Oklahoma State
57%
Week 2Sep 8 13. Big 12 Oklahoma State
57%
Week 3Sep 15 14. Big 12 Oklahoma State
57%
Week 4Sep 22 20. Big 12 Oklahoma State
57%
Week 14Dec 1 23. ACC Syracuse
57%
Week 15Dec 8 22. ACC Syracuse
57%
Week 16 (Final)Jan 20 20. ACC Syracuse
57%
Week 14Dec 1 25. American Memphis
54%
Week 15Dec 8 25. American Memphis
54%
Week 16 (Final)Jan 20 24. American Memphis
54%
Week 5Sep 29 25. Mountain West UNLV
51%
Week 12Nov 17 23. Mountain West UNLV
51%
Week 13Nov 24 21. Mountain West UNLV
51%
Week 14Dec 1 19. Mountain West UNLV
51%
Week 15Dec 8 24. Mountain West UNLV
51%
Week 16 (Final)Jan 20 23. Mountain West UNLV
51%
Week 6Oct 6 22. ACC Pittsburgh
49%
Week 7Oct 13 20. ACC Pittsburgh
49%
Week 8Oct 20 19. ACC Pittsburgh
49%
Week 9Oct 27 18. ACC Pittsburgh
49%
Week 10Nov 3 23. ACC Pittsburgh
49%
Week 2Sep 8 24. ACC Boston College
46%
No matching quizzes found
Score Distribution
Percent of People with Each Score
Percentile by Number Answered
Your Score History
You have not taken this quiz